000 01653nam0a2200325 4500
001 RU\NLR\bibl\1525522
005 20250616032335.0
021 _aRU
_b2010-37338
_92502
035 _a(NLR Aleph) 001516869
090 _a115547
_c115547
100 _a20100621d2009 |||y0rusy50 ca
101 0 _arus
_deng
102 _aRU
105 _ay |||||||||
200 1 _aГосударственная дума России (1906-1917 гг.)
_dState Duma of Russia (1906-1917)
_eучебное пособие для студентов, обучающихся по специальности 030401 - История
_fЛ.Г. Протасов
_gФедер. агентство по образованию, Гос. образоват. учреждение высш. проф. образования "Тамбов. гос. ун-т им. Г.Р. Державина"
_zeng
210 _aТамбов
_cИзд-во ТГУ
_d2009
215 _a62 с.
_d21
300 _aАвт. также на англ. яз.: L.G. Protasov
300 _aРез. на англ. яз.
320 _aБиблиогр.: с. 55-57
510 0 _6z45790
_aState Duma of Russia (1906-1917)
_zeng
601 0 1 _aРоссия
_bГосударственная дума
_jУчебные издания для высших учебных заведений
_9912486
_3RU\NLR\auth\6613827
686 _aТ3(2)52-532.2я73
700 1 _aПротасов
_bЛ. Г.
_gЛев Григорьевич
_4070
790 1 _6z45510
_aProtasov
_bL. G.
_gLev Grigor'evič
_4070
801 0 _aRU
_bNLR
_c20100621
_gRCR
801 1 _aRU
_bNLR
_c20100621
942 _cBOOK
980 _aNB